000 00452cam a2200169ua 4500
020 _c0.75
041 _amal
_h
082 _a954.83
_bVEL/PU
100 _aVelayudhan, Panikkassery .
245 _aPuthiya randu Keralolpathikal /
_cVelayudhan Panikkassery.
_hTextual Documents
260 _aQuilon :
_bSree Rama Vilasam Press & Book Depot ,
_c1963.
300 _a59 ; .
365 _a0.75
504 _a
942 _cBK
999 _c4512
_d4512